01012 2200325 4500001002100000005001500021035002000036007000300056040001700059100002800076245010700104250001000211300003500221020001800256041000800274082001900282084001900301090002300320264004800343336002100391337003000412338002300442650001000465700004200475700005200517700004400569850001000613008004100623990002200664INLIS00000000001014720260401100545 a0010-0123000474ta aSBPUPADbind1 aSayyid SabiqePengarang1 aFiqih Sunnah /cSayyid Saiq.; Penerjemah, Nor Hasanuddin; Penyunting, Dadi M. Hasan Basri; Abu Hanifah aCet.1 axxii 516 hlm :bilus. ;c24 cm a979-3855-30-417aind a297.4 SAB f/II a297.4 SAB f/II a297.4 SAB f/II 2-4 aJakarta Selatan :bPena Pundi Aksara,c2006 2rdacontentaTeks 2rdamediaatanpa perantara 2rdacarrieravolume 4aFiqih0 aPenerjemah, Nor HasanuddinePengarang0 aPenyunting ke-1, Dadi M. Hasan BasriePengarang0 aPenyunting Ke-2, Abu HanifahePengarang aPUPAD260401 0  a1496/H/ARPUS/2007